000 00967cab a2200301 4500
001 WB3046-31
008 090401t1994 xxu||||| |||| 00| 0 eng d
035 _a(Sirsi) u23542
041 _aeng
245 _aSurveyors
260 _c1994
350 _a0
490 _aEstates Gazette Case Summaries
_v1994 EGCS 194 (3/12/94)
520 _a"Ezekiel and another v McDade and others" CA 24 November 1994. CA upheld defendant surveyors liability on negligence for failing to note defect in roof space when carrying out building society valuation. On appeal, quantum of damages reduced.
650 _aBUILDING DEFECTS
650 _aCONCRETE BEAMS
650 _aDAMAGES
650 _aHEAD AND SHOULDER INSPECTION
650 _aMEASURE OF DAMAGES
650 _aNEGLIGENCE
650 _aPRC HOUSES
650 _aPURLINS
650 _aROOFSPACE
650 _aSURVEYORS
690 _aPROFESSIONAL PRACTICE-CASE LAW
942 _n0
948 _c04/03/1997
999 _c15736
_d15736